Klinikai diagnosztika és döntéshozatal I. tanulási útmutató - a klinikai diagnosztika és döntéshozatal elméleti alapjai /

Tudása: Ismeri a részletes fizikális állapotfelmérés elemeit és a diagnózisalkotás alapjait. Képessége: Képes integráltan alkalmazni a diagnózisalkotás és a betegségek kezelési tervének, majd kivitelezésének során az anatómia, élettani és kórélettani ismereteket. Képes az egészséget károsító tényező...

Teljes leírás

Elmentve itt :
Bibliográfiai részletek
Szerző: Papp László
Dokumentumtípus: Útmutató
Megjelent: 2019-02-26
Kulcsszavak:klinikai diagnosztika
betegvizsgálat
döntéshozatal
kiterjesztett hatáskörű ápoló
fájdalom kezelés
Tárgyszavak:
Online Access:http://eta.bibl.u-szeged.hu/1972
LEADER 02582nnm a2200361 i 4500
001 eta1972
005 20201026153722.0
008 190426s2019 hu o 0|| hun d
040 |a SZTE Elektronikus Tananyag Archívum  |b hun 
041 |a hun 
100 1 |a Papp László 
245 1 0 |a Klinikai diagnosztika és döntéshozatal I.   |h [elektronikus dokumentum] :  |b tanulási útmutató - a klinikai diagnosztika és döntéshozatal elméleti alapjai /  |c  Papp László 
246 1 0 |a Clinical diagnostics and decision making - theoretical basics for advanced practice nurses  |h [elektronikus dokumentum] 
260 |c 2019-02-26 
300 |a 97 
516 |a Guide 
520 3 |a Tudása: Ismeri a részletes fizikális állapotfelmérés elemeit és a diagnózisalkotás alapjait. Képessége: Képes integráltan alkalmazni a diagnózisalkotás és a betegségek kezelési tervének, majd kivitelezésének során az anatómia, élettani és kórélettani ismereteket. Képes az egészséget károsító tényezőket felismerni, az élettani és kóros működések egymástól való elkülönítésére, kompetencia szintjének megfelelő lépéseket vagy javaslatot tenni a megoldásra. A diagnózisalkotás során képes alkalmazni a fizikális betegvizsgálat elemeit és képes a vizsgálati eredményeket megfelelően értékelni, a prioritásokat meghatározni és azt szakmai és nem szakmai környezetben egyaránt kommunikálni. Attitűdje: Munkáját az emberi élet védelmét középpontba állítva végzi, korrekt szakmai magatartás jellemzi. A szakmai kihívásokra relevánsan reagál. Autonómiája és felelőssége: Kezdeményez, munkájáért személyes felelősséget vállal és gyakorol. 
520 3 |a Knowledge: The student is familiar with the methods of physical examination and making a correct diagnose. 
650 4 |a Orvos- és egészségtudomány 
650 4 |a Általános orvostudomány 
650 4 |a Klinikai orvostan 
650 4 |a Klinikai neurológia 
650 4 |a Fájdalommechanizmusok 
650 4 |a Neurológiai betegségek 
650 4 |a Általános- és belgyógyászat 
650 4 |a Intenzív és sürgősségi ellátás 
650 4 |a Sürgősségi ellátás 
695 |a klinikai diagnosztika 
695 |a betegvizsgálat 
695 |a döntéshozatal 
695 |a kiterjesztett hatáskörű ápoló 
695 |a fájdalom kezelés 
856 4 0 |u https://eta.bibl.u-szeged.hu/1972/7/Klinikai%20diagnosztika%20%C3%A9s%20d%C3%B6nt%C3%A9shozatal%20I%20tanul%C3%A1si%20%C3%BAtmutat%C3%B3_Papp%20L%C3%A1szl%C3%B3.pdf  |z Dokumentum-elérés